MARC

LEADER 00000nam0a2200000 4500
001 370118
005 20231102012241.0
035 |a (RuTPU)RU\TPU\retro\27526 
090 |a 370118 
100 |a 20220620d1979 m y0rusy50 ca 
101 0 |a rus 
102 |a RU 
105 |a a j 001zy 
200 1 |a Схемы управляемых выпрямителей на тиристорах  |e учебное пособие  |f С. П. Субботин  |g Ивановский государственный университет ; Ивановский энергетический институт 
210 |a Иваново  |c [Б. и.]  |d 1979 
215 |a 66 с.  |c ил. 
320 |a Библиогр.: с. 65 
606 1 |a Выпрямители управляемые  |2 stltpush  |3 (RuTPU)RU\TPU\subj\3935  |9 32270 
610 1 |a структурные схемы 
610 1 |a классификация 
610 1 |a принципиальные схемы 
610 1 |a тиристорные преобразователи 
610 1 |a мостовые фазовращатели 
610 1 |a мостовые фазорегуляторы 
610 1 |a трехфазные мостовые схемы 
610 1 |a блоки управления 
610 1 |a учебные пособия 
675 |a 621.314.65(075.8)  |v 4 
700 1 |a Субботин  |b С. П.  |g Сергей Петрович 
712 0 2 |a Ивановский государственный университет  |2 stltpush  |3 (RuTPU)RU\TPU\col\442  |9 23435 
712 0 2 |a Ивановский энергетический институт  |c (1930-1992)  |2 stltpush  |3 (RuTPU)RU\TPU\col\6341  |9 24234 
801 1 |a RU  |b 63413507  |c 20220620 
801 2 |a RU  |b 63413507  |c 20220620  |g RCR 
942 |c BK